Colorado Springs City Trivia - Statistics

General Stats
  • This quiz has been taken 42 times
  • The average score is 9 of 15
Answer Stats
Clue Answer % Correct
Large mountain peak located 12 miles to the west Pikes Peak
100%
Driving north on I-25 from Colorado Springs would take you to this major city Denver
95%
Just north of Colorado Springs is the academy for this branch of the U.S. military along with the Space Force Air Force
90%
County that Colorado Springs is part of (hint: it's also the name of a Texas city) El Paso
85%
Park with tall red sandstone formations Garden of the {Gods}
85%
Serbian who worked at a lab in Colorado Springs in 1899 Nikola Tesla
80%
Park home to the aforementioned fountain America the {Beautiful} Park
70%
Colorado Springs-based organization that protects airspace in Canada and most of the U.S. NORAD
70%
Town that was the first capital of the Colorado Territory and later became a neighborhood of Colorado Springs (use common sense) Colorado City
55%
Famous resort that surrounds Cheyenne Lake The {Broadmoor}
50%
What the O in USOPC stands for Olympic
45%
Civil War veteran who founded Colorado Springs in 1871 William Jackson {Palmer}
40%
Space Force bases located in or near Colorado Springs Peterson
35%
Space Force bases located in or near Colorado Springs Schriever
30%
Another name for the Julie Penrose Fountain (hint: space-time) Continuum
15%
No matching quizzes found
Score Distribution
Percent of People with Each Score
Percentile by Number Answered
Your Score History
You have not taken this quiz